000 00808nam a2200265 a 4500
001 47742
003 BD-RjUL
005 20211209054402.0
008 160810s2006 ii ab b 000 0 eng
020 _a813090294X
035 _a(BD-RjUL)47861
040 _aDLC
_cDLC
_beng
_dBD-RjUL
041 _aeng
082 _223
_a323.0954
_bBIH 2006
100 _aBiswal, Tapan
_9145005
245 0 0 _aHuman rights, gender, and environment /
_cTapan Biswal
260 _aNew Delhi :
_bViva Books,
_cc2006
300 _axiv, 508 p. :
_bill. ;
_c25 cm.
504 _aIncludes bibliographical references.
520 _aContributed articles with reference to India.
650 0 _aHuman rights
_zIndia.
_9145006
650 0 _aFeminism
_zIndia.
_9143156
650 0 _aEnvironmentalism
_zIndia.
_9145007
942 _2ddc
_cBK
999 _c47742
_d47742